Online
Catalog

El Conde Lucanor / (Record no. 1544)

MARC details
000 -CABECERA
campo de control de longitud fija 00625cam a2200193 a 4500
001 - NÚMERO DE CONTROL
campo de control 000001659
005 - FECHA Y HORA DE LA ÚLTIMA TRANSACCIÓN
campo de control 20200929145643.0
008 - DATOS DE LONGITUD FIJA--INFORMACIÓN GENERAL
campo de control de longitud fija 750508s1967 sp 001 f spa
040 ## - FUENTE DE LA CATALOGACIÓN
Centro catalogador/agencia de origen DO-SdBNP
Lengua de catalogación spa
Centro/agencia transcriptor BNPHU
082 ## - NÚMERO DE LA CLASIFICACIÓN DECIMAL DEWEY
Número de clasificación 868.5
Número de documento/Ítem J912c, 1967
100 0# - ENTRADA PRINCIPAL--NOMBRE DE PERSONA
Nombre de persona Juan Manuel,
Títulos y otros términos asociados al nombre Infante de Castilla
Fechas asociadas al nombre 1282-1347.
9 (RLIN) 5406
245 13 - MENCIÓN DE TÍTULO
Título El Conde Lucanor /
Mención de responsabilidad, etc. Juan Manuel ; versión española moderna de Enrique Moreno Báez.
250 ## - MENCIÓN DE EDICIÓN
Mención de edición 4a ed.
260 ## - PUBLICACIÓN, DISTRIBUCIÓN, ETC.
Lugar de publicación, distribución, etc. Madrid :
Nombre del editor, distribuidor, etc. Castalia,
Fecha de publicación, distribución, etc. 1967.
300 ## - DESCRIPCIÓN FÍSICA
Extensión 208 p. ;
Dimensiones 20 cm.
440 #0 - MENCIÓN DE SERIE/PUNTO DE ACCESO ADICIONAL--TÍTULO
Título Odres nuevos
9 (RLIN) 5407
650 #4 - PUNTO DE ACCESO ADICIONAL DE MATERIA--TÉRMINO DE MATERIA
Término de materia o nombre geográfico como elemento de entrada Literatura española
9 (RLIN) 632
700 1# - PUNTO DE ACCESO ADICIONAL--NOMBRE DE PERSONA
Nombre de persona Moreno Báez, Enrique,
Término indicativo de función/relación ed.
9 (RLIN) 5408
Holdings
Estado de retiro Estado de pérdida Restricciones de uso No para préstamo Código de colección Localización permanente Ubicación/localización actual Ubicación en estantería Fecha de adquisición Número de inventario Total de préstamos Signatura topográfica completa Código de barras Fecha visto por última vez Precio válido a partir de Tipo de ítem Koha
    Préstamo interno   Monografías: Libros y Folletos General General Depósito 17.07.2009 LF1   868.5 J912c, 1967 1659-10 25.06.2020 25.06.2020 Préstamo interno

Powered by Koha